000
00333nam a2200121Ia 4500
008
230411s9999 xx 000 0 und d
041
_a
eng
082
_a
A/611/GAR/B06341
100
_a
Chaurasia B D
245
_a
B D Chaurasias Human Anatomy : Volume 1
260
_b
CBS Publishers & Distributors
_a
New Delhi
999
_c
156755
_d
156755